000 00984nmm a2200301 a 4500
001 ocm000779985
003 TR-IsHL
005 20201028154629.0
008 131212s2012 tu tur
007 cr cn
020 _a9789758890590
035 _a779985
_b(N$T)
050 0 4 _aHD37.T8
_bŞ56 2012
090 0 4 _aHD37.T8
_bŞ56 2012
100 1 _aŞimşek, M. Şerif
245 1 0 _aMeslek yüksek okuları için genel işletme
_h[electronic resource] /
_cM. Şerif Şimşek ; Adnan Çelik
260 _aKonya :
_bEğitim Akademi Yayınevi,
_c2012
300 _a264 p.
650 4 _aİşletme ve Yönetim
650 4 _aBusiness and Management
650 0 _aEndüstriyel yönetim
650 0 _aIndustrial management
650 0 _aİşletme
650 0 _aBusiness
650 7 _aBUSINESS & ECONOMICS / Industrial Management
_2bisacsh
700 1 _aÇelik, Adnan
856 4 0 _uhttp://search.ebscohost.com/login.aspx?direct=true&scope=site&db=e011xww&AN=779985
999 _c12674
_d12674